[Event "Budapest zt-A"]
[Site "Budapest"]
[Date "1993.??.??"]
[Round "1"]
[White "Wojtkiewicz, Aleksander"]
[Black "Kolev, Atanas"]
[Result "1/2-1/2"]
[WhiteElo "2580"]
[BlackElo "2510"]

1.Nf3 d5 2.d4 Nf6 3.c4 c6 4.e3 e6 5.Nc3 Nbd7 6.Qc2 Bd6 7.Be2 O-O 8.O-O Re8
9.b3 b6 10.Bb2 Bb7 11.Rad1 Qe7 12.e4 dxe4 13.Nxe4 Nxe4 14.Qxe4 Rad8 15.Bd3 f5
16.Qe2 c5 17.dxc5 Nxc5 18.Bc2 Ne4 19.Bxe4 Bxe4 20.Be5  1/2-1/2

[Event "Budapest FS05 IM"]
[Site "Budapest"]
[Date "1993.??.??"]
[Round "1"]
[White "Mester, Gyula"]
[Black "Eperjesi, Laszlo"]
[Result "1/2-1/2"]
[WhiteElo "2290"]
[BlackElo "2355"]

1.d4 d5 2.Nf3 Nf6 3.c4 c6 4.Nc3 e6 5.e3 Nbd7 6.Qc2 Bd6 7.Be2 O-O 8.O-O Qe7
9.Rd1 Re8 10.h3 dxc4 11.Bxc4 e5  1/2-1/2

[Event "Budapest FS03 GM"]
[Site "Budapest"]
[Date "1993.??.??"]
[Round "1"]
[White "Arduman, Can"]
[Black "Wells, Peter K"]
[Result "1/2-1/2"]
[WhiteElo "2355"]
[BlackElo "2485"]

1.d4 Nf6 2.c4 e6 3.Nf3 d5 4.Nc3 c6 5.e3 Nbd7 6.Qc2 Bd6 7.Be2 O-O 8.O-O dxc4
9.Bxc4 b5 10.Be2 Bb7 11.b3 e5 12.dxe5 Nxe5 13.Nxe5 Bxe5 14.Bb2 Qc7 15.h3 Rfe8
16.Bf3 a6 17.Ne2 c5 18.Bxe5 Rxe5 19.Bxb7 Qxb7 20.Nf4 Rc8 21.Rac1 c4 22.Qb2 Qe7
23.bxc4 bxc4 24.Rc2 Rec5 25.Rfc1 h6  1/2-1/2

[Event "Budapest FS04 GM"]
[Site "Budapest"]
[Date "1993.??.??"]
[Round "2"]
[White "Varga, Zoltan"]
[Black "Lukacs, Peter"]
[Result "1/2-1/2"]
[WhiteElo "2450"]
[BlackElo "2480"]

1.c4 e6 2.Nc3 d5 3.d4 c6 4.e3 Nf6 5.Nf3 Nbd7 6.Qc2 Bd6 7.Be2 O-O 8.O-O Qe7
9.h3 Re8 10.Rd1 b6 11.e4 Nxe4 12.Nxe4 dxe4 13.Qxe4 Bb7 14.Bf4 Bxf4 15.Qxf4 c5
16.Qc7 Rab8 17.Ne5 Qg5 18.Nf3 Qe7 19.Ne5 Qg5 20.Nf3  1/2-1/2

[Event "Budapest FS10 GM"]
[Site "Budapest"]
[Date "1993.??.??"]
[Round "2"]
[White "Sadler, Matthew"]
[Black "Prie, Eric"]
[Result "1-0"]
[WhiteElo "2535"]
[BlackElo "2445"]

1.d4 d5 2.c4 c6 3.Nc3 Nf6 4.e3 e6 5.Nf3 Nbd7 6.Bd3 dxc4 7.Bxc4 b5 8.Bd3 Bb7
9.O-O Be7 10.e4 b4 11.Na4 c5 12.e5 Nd5 13.Nxc5 Nxc5 14.dxc5 Rc8 15.Nd2 Bxc5
16.Ne4 O-O 17.Qh5 g6 18.Qh3 Be7 19.Bh6 Re8 20.Rad1 Qb6 21.Bg5 Bf8 22.Bb5 Bg7
23.Bxe8 Rxe8 24.Nf6+ Nxf6 25.exf6 Qb5 26.Qh4 Bf8 27.Bh6 Qc6 28.f3 Qc5+ 29.Kh1 Bd5
30.Rc1 Qd6 31.Bxf8 Qxf8 32.Rc7 Ra8 33.Re7 a5 34.a3 bxa3 35.bxa3 a4 36.Rc1 h5
37.Rcc7 Bb3 38.h3 Ra5 39.Qb4 Rf5 40.Rxf7 Qxb4 41.Rg7+ Kf8 42.Rc8+  1-0

[Event "Budapest FS08 IM"]
[Site "Budapest"]
[Date "1993.??.??"]
[Round "2"]
[White "Portisch, Ferenc"]
[Black "Littke, Adam"]
[Result "1-0"]
[WhiteElo "2405"]
[BlackElo "2270"]

1.d4 d5 2.Nf3 c6 3.c4 Nf6 4.Nc3 e6 5.e3 Nbd7 6.Qc2 Bd6 7.Be2 O-O 8.O-O Re8
9.h3 e5 10.dxe5 Nxe5 11.cxd5 cxd5 12.Qb3 Bb8 13.Rd1 Qc7 14.Nxe5 Qxe5 15.f4 Qe7
16.Bf3 Bc7 17.Nxd5 Nxd5 18.Bxd5 Bb6 19.a4 Be6 20.Bxe6 Qxe6 21.Qxe6 Rxe6 22.Ra3 a5
23.Rdd3 Bc5 24.Rac3 b6 25.Rc4 f5 26.Kf2 Rae8 27.b3 g6 28.g4 Kf7 29.Kf3 R8e7
30.Rc2 Re4 31.gxf5 gxf5 32.Rg2 h6 33.h4 R4e6 34.h5 Re8 35.Rd7+ R8e7 36.Rxe7+ Kxe7
37.Rg7+ Kf8 38.Rd7 Ke8 39.Rd5 Rf6 40.Bb2 Rf7 41.Rd2 Re7 42.Be5 Re6 43.Rg2  1-0

[Event "Spring op"]
[Site "Budapest"]
[Date "1993.??.??"]
[Round "3"]
[White "Danner, Georg"]
[Black "Engedal, Kim Nikolai"]
[Result "1-0"]
[WhiteElo "2385"]
[BlackElo "2240"]

1.d4 d5 2.c4 e6 3.Nf3 c6 4.e3 Nf6 5.Nc3 Nbd7 6.Bd3 Bd6 7.e4 dxe4 8.Nxe4 Nxe4
9.Bxe4 e5 10.O-O exd4 11.Qxd4 Qf6 12.Be3 Qxd4 13.Bxd4 O-O 14.Rad1 Be7 15.Rfe1 Bf6
16.Bf5 Bxd4 17.Nxd4 Nf6 18.f3 g6 19.Bxc8 Rfxc8 20.Nb3 Rc7 21.Kf2 Kg7 22.g4 h6
23.h4 Rh8 24.Nc5 Rhc8 25.g5 Ng8 26.Ne4 Ne7 27.Nd6 Rf8 28.Re5 hxg5 29.hxg5 b6
30.b4 Rh8 31.c5 bxc5 32.bxc5 Rb8 33.a4 a5 34.Rde1 Rb2+ 35.Kg3 Kf8 36.Rh1 Kg8
37.Ne8 Rcb7 38.Nf6+ Kg7 39.Rxe7  1-0

[Event "Budapest FS07 IM-A"]
[Site "Budapest"]
[Date "1993.??.??"]
[Round "4"]
[White "Haimovich, Tal"]
[Black "Volkmann, Friedrich"]
[Result "1/2-1/2"]
[WhiteElo "2270"]
[BlackElo "2320"]

1.d4 d5 2.c4 e6 3.Nc3 c6 4.e3 Nf6 5.Nf3 Nbd7 6.Qc2 Bd6 7.Bd2 O-O 8.O-O-O Qe7
9.Kb1 a6 10.e4 Nxe4  1/2-1/2

[Event "Budapest FS05 GM"]
[Site "Budapest"]
[Date "1993.??.??"]
[Round "4"]
[White "Lingnau, Carsten"]
[Black "Godena, Michele"]
[Result "0-1"]
[WhiteElo "2415"]
[BlackElo "2485"]

1.d4 d5 2.c4 e6 3.Nf3 c6 4.e3 Nf6 5.Nc3 a6 6.Bd3 dxc4 7.Bxc4 b5 8.Be2 Nbd7
9.e4 b4 10.e5 bxc3 11.exf6 Nxf6 12.bxc3 Bd6 13.Nd2 Qc7 14.Nc4 Be7 15.O-O O-O
16.Bf3 Nd5 17.Qc2 c5 18.Rb1 Ra7 19.Bd2 Bf6 20.Rfc1 Rb7 21.Rxb7 Bxb7 22.Qa4 Rc8
23.Be2 Nf4 24.Bf1 Bxg2 25.Qxa6 Bxf1 26.Bxf4 Bxc4 27.Qxc4 Qxf4 28.Re1 Bh4
29.Re2 Rb8 30.Qd3 cxd4 31.cxd4 Qc1+ 32.Kg2 Bf6 33.Qg3 Qc6+ 34.f3 Rc8 35.Rb2 h6
36.Rd2 Qc7 37.Qf2 Bg5 38.Re2 Qb7 39.d5 exd5 40.f4 Bf6  0-1

[Event "Elekes mem"]
[Site "Budapest"]
[Date "1993.??.??"]
[Round "4"]
[White "Dao Thien Hai"]
[Black "Lukacs, Peter"]
[Result "0-1"]
[WhiteElo "2560"]
[BlackElo "2480"]

1.d4 d5 2.c4 e6 3.Nc3 c6 4.e3 Nf6 5.Nf3 Nbd7 6.Qc2 Bd6 7.a3 O-O 8.b4 Qe7
9.Be2 dxc4 10.Bxc4 e5 11.Bb2 e4 12.Nd2 Nb6 13.Be2 Re8 14.h3 Nbd5 15.Na4 Bf5
16.g4 Bg6 17.Nc4 Rad8 18.Nc5 b6 19.Nb3 Bb8 20.Ne5 Bxe5 21.dxe5 Nd7 22.e6 fxe6
23.h4 c5 24.h5 Bf7 25.b5 e5 26.Nd2 Rc8 27.Qxe4 N5f6 28.Qg2 c4 29.Nb1 Nc5
30.g5 Nxh5 31.Bxh5 Nd3+ 32.Kf1 Bxh5 33.Rxh5 Rf8 34.f4 exf4 35.g6 fxe3+ 36.Kg1 hxg6
37.Qxg6 Rf1+ 38.Kh2 Rf2+ 39.Kg1 Rf1+ 40.Kh2 Qc7+ 41.Be5 Nxe5 42.Qh7+ Kf7
43.Nc3 Ng6+ 44.Kg2 Rf2+ 45.Kh1 Qg3  0-1

[Event "Budapest FS10 IM-A"]
[Site "Budapest"]
[Date "1993.??.??"]
[Round "4"]
[White "Zsinka, Laszlo"]
[Black "Farago, Sandor"]
[Result "0-1"]
[WhiteElo "2325"]
[BlackElo "2375"]

1.d4 d5 2.c4 c6 3.Nc3 Nf6 4.Nf3 e6 5.e3 Nbd7 6.Bd3 Bd6 7.O-O O-O 8.e4 dxc4
9.Bxc4 e5 10.Bg5 Qc7 11.Rc1 exd4 12.Qxd4 Ng4 13.h3 Nge5 14.Nxe5 Bxe5 15.Qd2 Nc5
16.Rfe1 h6 17.Be3 Rd8 18.Qe2 Ne6 19.Qh5 Nf4 20.Bxf4 Bxf4 21.Rcd1 Re8 22.Rd3 Be6
23.Bxe6 Rxe6 24.Red1 a6 25.Qc5 b6 26.Qc4 Bd6 27.a4 a5 28.g3 Bc5 29.Kg2 g5
30.h4 Qe5 31.hxg5 hxg5 32.Rf3 Rf6 33.Qe2 Kg7 34.Rdd3 Rh8 35.Rxf6 Qxf6 36.Qf3 Qh6
37.Kf1 Re8 38.Rd7 Qh3+  0-1

[Event "Budapest FS08 IM"]
[Site "Budapest"]
[Date "1993.??.??"]
[Round "5"]
[White "Liedl, Wolfgang"]
[Black "Demir, Gokhan"]
[Result "1/2-1/2"]
[WhiteElo "2215"]
[BlackElo "2165"]

1.d4 Nf6 2.c4 c6 3.Nc3 d5 4.Nf3 e6 5.e3 Nbd7 6.Bd3 Bd6 7.O-O O-O 8.e4 Nxe4
9.Bxe4 dxe4 10.Nxe4 Be7 11.c5 b6 12.Bg5 Bxg5 13.Nfxg5 h6 14.Nf3 Ba6 15.Re1 Bc4
16.b4 a5 17.a3 b5 18.h3 Bd5 19.Nc3 Bxf3  1/2-1/2

[Event "Budapest FS12 IM-A"]
[Site "Budapest"]
[Date "1993.??.??"]
[Round "5"]
[White "Kecskes, Gabor"]
[Black "Almeida Saenz, Alfonso"]
[Result "1-0"]
[WhiteElo "2220"]
[BlackElo "2330"]

1.d4 Nf6 2.c4 c6 3.Nc3 d5 4.Nf3 e6 5.e3 Nbd7 6.Qc2 Bd6 7.Be2 O-O 8.O-O dxc4
9.Bxc4 e5 10.h3 exd4 11.exd4 Nb6 12.Bb3 Nfd5 13.Bg5 Qc7 14.Qe4 Be6 15.Bc2 g6
16.Qh4 Rfe8 17.Ne4 Be7 18.Rfe1 Nd7 19.Bb3 Bb4 20.Re2 Bf5 21.a3 Bf8 22.Rae1 Bxe4
23.Rxe4 Rxe4 24.Qxe4 N7f6 25.Qh4 Bg7 26.Nd2 Qb6 27.Rd1 Re8 28.Qg3 Nh5 29.Qf3 Bxd4
30.Ne4 Be5 31.g4 Nhf4 32.Bxf4 Nxf4 33.Ng5 Re7 34.Re1 Qa5 35.Re4 Qd2 36.Nxf7 Qc1+
37.Kh2 Bxb2 38.Rxe7 Ne6 39.Nd6  1-0

[Event "Budapest FS03 GM"]
[Site "Budapest"]
[Date "1993.??.??"]
[Round "5"]
[White "Horvath, Jozsef"]
[Black "Wells, Peter K"]
[Result "1-0"]
[WhiteElo "2535"]
[BlackElo "2485"]

1.d4 Nf6 2.Nf3 d5 3.c4 e6 4.Nc3 c6 5.e3 Nbd7 6.Qc2 Bd6 7.Be2 O-O 8.O-O dxc4
9.Bxc4 b5 10.Be2 Bb7 11.Rd1 Qb8 12.Ne4 Nxe4 13.Qxe4 c5 14.Qh4 c4 15.e4 e5
16.d5 a6 17.Qg3 Nf6 18.Bh6 Ne8 19.Nh4 Kh8 20.Bd2 Bc5 21.Be1 Nd6 22.Qxe5 Re8
23.Qh5 Nxe4 24.Bf3 Qf4 25.Bxe4 Rxe4 26.Nf3 g6 27.Qh3 Bc8 28.Qg3 Qxg3 29.hxg3 Bb7
30.Rac1 Rd8 31.Ng5 Re7 32.Bc3+ Kg8 33.Bf6 Rxd5 34.Bxe7 Bxe7 35.Rxd5 Bxd5
36.Rd1 c3 37.bxc3 Bxa2 38.Ne4  1-0

[Event "Budapest FS09 GM"]
[Site "Budapest"]
[Date "1993.??.??"]
[Round "6"]
[White "Schwarz, Michael"]
[Black "Milov, Vadim"]
[Result "1/2-1/2"]
[WhiteElo "2405"]
[BlackElo "2500"]

1.c4 c6 2.Nf3 d5 3.d4 Nf6 4.Nc3 e6 5.e3 Nbd7 6.b3 Bb4 7.Bd2 O-O 8.Bd3 Qe7
9.O-O e5 10.dxe5 Nxe5 11.Nxe5 Qxe5 12.Nxd5 Nxd5 13.cxd5 Bd6 14.f4 Qxd5 15.Qc2 Qh5
16.e4 Qc5+ 17.Kh1 Qxc2 18.Bxc2 f6 19.Be3 Be6 20.Rad1 Rfd8 21.Kg1 Bg4 22.Rd2 Kf7
23.Kf2 Bb4 24.Rxd8 Rxd8 25.h3 Be6 26.Ke2 a5 27.Bd3 Ke7 28.f5 Bf7 29.Rc1 Ra8
30.Bc4 a4 31.Bxf7 Kxf7 32.Rc4 axb3 33.Rxb4 bxa2  1/2-1/2

[Event "Budapest FS06 GM"]
[Site "Budapest"]
[Date "1993.??.??"]
[Round "7"]
[White "Varga, Zoltan"]
[Black "Blauert, Joerg"]
[Result "1/2-1/2"]
[WhiteElo "2450"]
[BlackElo "2395"]

1.d4 e6 2.c4 Nf6 3.Nc3 d5 4.Nf3 c6 5.e3 Nbd7 6.Qc2 Bd6 7.Be2 O-O 8.O-O e5
9.cxd5 cxd5 10.dxe5 Nxe5 11.h3 Be6 12.Nb5 Rc8 13.Qa4 Nxf3+ 14.Bxf3 Bb8 15.Qh4  1/2-1/2

[Event "Budapest FS05 IM"]
[Site "Budapest"]
[Date "1993.??.??"]
[Round "9"]
[White "Farago, Sandor"]
[Black "Payen, Arnaud"]
[Result "1/2-1/2"]
[WhiteElo "2340"]
[BlackElo "2340"]

1.d4 d5 2.c4 c6 3.e3 Nf6 4.Nc3 e6 5.Nf3 Nbd7 6.cxd5 exd5 7.Bd3 Be7 8.Qc2 g6
9.h3 O-O 10.Bd2 c5 11.O-O-O c4 12.Be2 Re8 13.g4 Bd6  1/2-1/2

[Event "Budapest zt-B"]
[Site "Budapest"]
[Date "1993.??.??"]
[Round "10"]
[White "Portisch, Lajos"]
[Black "Topalov, Veselin"]
[Result "1/2-1/2"]
[WhiteElo "2580"]
[BlackElo "2635"]

1.d4 d5 2.c4 e6 3.Nc3 c6 4.e3 Nf6 5.Nf3 Nbd7 6.Qc2 Bd6 7.b3 O-O 8.Be2 Re8
9.O-O Qe7 10.Bb2 b6 11.Rfe1 Bb7 12.Nd2 Rac8 13.e4 e5 14.dxe5 Bxe5 15.exd5 cxd5
16.Bf3 Qd6 17.h3 Qb8 18.cxd5  1/2-1/2

[Event "Budapest zt-A"]
[Site "Budapest"]
[Date "1993.??.??"]
[Round "11"]
[White "Cosma, Ioan"]
[Black "Georgiev, Kiril"]
[Result "0-1"]
[WhiteElo "2365"]
[BlackElo "2660"]

1.d4 Nf6 2.c4 e6 3.Nf3 d5 4.Nc3 c6 5.e3 Nbd7 6.Qc2 Bd6 7.Be2 O-O 8.O-O Re8
9.Rd1 Qe7 10.h3 b6 11.e4 dxe4 12.Nxe4 Nxe4 13.Qxe4 Bb7 14.Bf4 Bxf4 15.Qxf4 c5
16.Qc7 Rab8 17.dxc5 Nxc5 18.Qxe7 Rxe7 19.Rac1 Rc7 20.Nd4 a6 21.f3 Kf8 22.Rd2 Ke7
23.Rcd1 g6 24.Bf1 Nd7 25.b3 g5 26.Re1 Kf6 27.Ne2 h5 28.f4 Rg8 29.Kh2 Nc5
30.fxg5+ Rxg5 31.Nc3 Rd7 32.Rxd7 Nxd7 33.Ne4+ Bxe4 34.Rxe4 Ra5 35.Rd4 Ke7
36.Rd2 h4 37.Be2 Re5 38.Bf3 Re3 39.Kg1 Ne5 40.Bb7 a5 41.Kf2 Rc3 42.Be4 f5
43.Rc2 Rg3 44.Bb7 Nd3+ 45.Kg1 Re3 46.Kh2 e5 47.Bc8 f4 48.a3 e4 49.b4 axb4
50.axb4 Nxb4 51.Rb2 Nd3 52.Rxb6 Re1  0-1

[Event "Budapest FS12 GM"]
[Site "Budapest"]
[Date "1993.??.??"]
[Round "13"]
[White "Lukacs, Peter"]
[Black "Shabtai, Ran"]
[Result "1/2-1/2"]
[WhiteElo "2485"]
[BlackElo "2350"]

1.d4 d5 2.c4 e6 3.Nc3 c6 4.e3 Nf6 5.Nf3 Nbd7 6.Qc2 Bd6 7.Be2 O-O 8.O-O dxc4
9.Bxc4 Qe7 10.h3 b5 11.Bd3 Bb7 12.e4 e5 13.dxe5 Nxe5 14.Nxe5 Bxe5 15.Be3  1/2-1/2

[Event "Wch U20 Girls"]
[Site "Buenos Aires"]
[Date "1993.??.??"]
[Round "?"]
[White "Botsari Miladinovic, Anna Maria"]
[Black "Cosma, Elena Luminita"]
[Result "1/2-1/2"]
[WhiteElo "2245"]
[BlackElo "2325"]

1.d4 d5 2.c4 e6 3.Nc3 c6 4.e3 Nf6 5.Nf3 Nbd7 6.Qc2 Bd6 7.Be2 O-O 8.O-O e5
9.dxe5 Nxe5 10.cxd5 cxd5 11.Nxe5 Bxe5 12.Bd2 d4 13.Nb5 dxe3 14.Bxe3 Bd7 15.Rfd1 Qa5
16.Qd2 Qxd2 17.Rxd2 Bxb5 18.Bxb5 Ng4 19.g3 Nxe3 20.fxe3 a6 21.Bd7 g6 22.Rc1 Rad8
23.b3 Kg7 24.Rc5 Bb8 25.Kf2 Rfe8 26.Rcd5 Re7 27.Kf3 f5 28.Bc6 Rxd5 29.Bxd5 Ba7
30.e4 fxe4+ 31.Bxe4 Rf7+ 32.Kg2 Bc5 33.Rc2 b6 34.Bd5 Rd7 35.Bc4 a5 36.a4  1/2-1/2

[Event "Buenos Aires FMD op"]
[Site "Buenos Aires"]
[Date "1993.??.??"]
[Round "1"]
[White "Slipak, Sergio"]
[Black "Saldano, Horacio"]
[Result "1-0"]
[WhiteElo "2455"]
[BlackElo "2300"]

1.d4 d5 2.c4 c6 3.Nc3 Nf6 4.e3 e6 5.Nf3 Nbd7 6.Qc2 Bd6 7.b3 O-O 8.Bb2 dxc4
9.Bxc4 e5 10.O-O-O exd4 11.Ne4 Be7 12.Neg5 h6 13.h4 b5 14.Nxd4 bxc4 15.Nxc6 cxb3
16.axb3 Qe8 17.Rxd7 Ba3 18.Re7 Bf5 19.Rxe8 Bxc2 20.Rxa8 Bxb2+ 21.Kxc2 Rxa8
22.Kxb2 hxg5 23.hxg5 Nh7 24.Ne7+ Kh8 25.g6 fxg6 26.Nxg6+ Kg8 27.Ne7+ Kh8
28.Rc1 Ng5 29.f4 Nf7 30.g4  1-0

[Event "Buenos Aires Najdorf op"]
[Site "Buenos Aires"]
[Date "1993.??.??"]
[Round "1"]
[White "Quiroga, Facundo"]
[Black "Kanefsck, Gustavo"]
[Result "1-0"]
[WhiteElo "2265"]
[BlackElo "2370"]

1.d4 d5 2.c4 c6 3.Nf3 Nf6 4.Nc3 e6 5.e3 Nbd7 6.Bd3 dxc4 7.Bxc4 b5 8.Bb3 Bb7
9.O-O a6 10.e4 b4 11.e5 bxc3 12.exf6 cxb2 13.fxg7 Bxg7 14.Bxb2 c5 15.Qe2 Rg8
16.d5 Bxb2 17.Qxb2 Kf8 18.Rfe1 exd5 19.Ba4 Rb8 20.Bxd7 Qxd7 21.Qf6 d4 22.Ng5 Rxg5
23.Qxg5 Qc6 24.f3 Qd6 25.Rac1 Rc8 26.Qh4 Kg8 27.Re7 Qc6 28.Rce1 d3 29.Qg5+ Kf8
30.Rxf7+  1-0

[Event "Buenos Aires Najdorf"]
[Site "Buenos Aires"]
[Date "1993.??.??"]
[Round "1"]
[White "Seirawan, Yasser"]
[Black "Panno, Oscar"]
[Result "1-0"]
[WhiteElo "2595"]
[BlackElo "2495"]

1.d4 d5 2.c4 c6 3.Nc3 Nf6 4.e3 e6 5.Nf3 Nbd7 6.Qc2 Bd6 7.b3 O-O 8.Be2 Qe7
9.O-O b6 10.Bb2 Bb7 11.Rac1 Rac8 12.Rfd1 Rfd8 13.Qb1 a6 14.a4 c5 15.cxd5 Nxd5
16.Ne4 Bb8 17.dxc5 bxc5 18.Ba3 f5 19.Ned2 Nb4 20.e4 f4 21.Nc4 Bc7 22.Ne1 a5
23.Bb2 Ba8 24.f3 Nb8 25.Na3 N8c6 26.Nb5 Bb6 27.Bc4 Nd4 28.Nxd4 cxd4 29.Nd3 Nxd3
30.Qxd3 Kh8 31.e5 g5 32.Kf1 Bc6 33.Rc2 Be8 34.Qe2 Bg6 35.Bd3 Rxc2 36.Qxc2 Bxd3+
37.Qxd3 Qc5 38.Re1 Kg7 39.Re4 Rd5 40.g3  1-0

[Event "Buenos Aires Najdorf op"]
[Site "Buenos Aires"]
[Date "1993.??.??"]
[Round "5"]
[White "Minzer, Claudio Javier"]
[Black "Ibar, Marcelo"]
[Result "1/2-1/2"]
[WhiteElo "2370"]
[BlackElo "2300"]

1.d4 d5 2.c4 c6 3.Nf3 Nf6 4.Nc3 e6 5.e3 Nbd7 6.Qc2 Bd6 7.Bd2 O-O 8.O-O-O Re8
9.e4 Nxe4 10.Nxe4 dxe4 11.Qxe4 Nf6 12.Qh4 Be7 13.Bd3 b5 14.g4 bxc4 15.Bc2 g6  1/2-1/2

[Event "Buenos Aires FMD op"]
[Site "Buenos Aires"]
[Date "1993.??.??"]
[Round "6"]
[White "Quiroga, Facundo"]
[Black "Celis, Gustavo"]
[Result "1/2-1/2"]
[WhiteElo "2340"]
[BlackElo "2255"]

1.d4 d5 2.c4 c6 3.Nf3 Nf6 4.Nc3 e6 5.e3 Nbd7 6.Bd3 dxc4 7.Bxc4 b5 8.Bb3 b4
9.Ne2 Bd6 10.O-O O-O 11.Qc2 Ba6 12.e4 e5 13.Bc4 Bb7 14.dxe5 Nxe5 15.Nxe5 Bxe5
16.Bf4 Bxf4 17.Nxf4 Qd4 18.Rfe1 Ng4 19.Rad1 Qf6 20.Nd3 Rae8 21.Nxb4 Qe5 22.g3 Qh5
23.h4 g5 24.Kg2 c5 25.Nd5 gxh4 26.Rh1 Qg6 27.Rxh4 Rxe4 28.f3 Bxd5 29.Bxd5 Ne3+
30.Kf2 Rxh4 31.Qxg6+ hxg6 32.Kxe3 Rh2 33.Rc1 Re8+ 34.Kf4 Rxb2 35.Rxc5 Re7
36.Kg5 Kg7 37.f4 f5 38.Rc8 Rh2 39.Rg8+ Kh7 40.Kf6 Rc7 41.Re8 Rb2 42.Be6 a5
43.Kg5 Rb6 44.Kf6 Ra6 45.Kg5 Rd6 46.Kf6 Rdc6 47.Ke5 Ra6 48.Kf6 Rb6  1/2-1/2

[Event "Buenos Aires Najdorf op"]
[Site "Buenos Aires"]
[Date "1993.??.??"]
[Round "7"]
[White "Filgueira, Hernan"]
[Black "Bosco, Ricardo"]
[Result "1-0"]
[WhiteElo "2310"]
[BlackElo "2270"]

1.d4 d5 2.c4 c6 3.Nf3 Nf6 4.Nc3 e6 5.e3 Nbd7 6.Qc2 Bd6 7.g4 h6 8.Rg1 Qe7
9.h4 dxc4 10.e4 e5 11.g5 Nh5 12.Bxc4 exd4 13.Nxd4 Nb6 14.Bf1 Bd7 15.Be3 Bf4
16.O-O-O Bxe3+ 17.fxe3 O-O-O 18.Ndb5 cxb5 19.Nd5+  1-0

[Event "Buenos Aires FMD op"]
[Site "Buenos Aires"]
[Date "1993.??.??"]
[Round "8"]
[White "Mendez, Ernesto"]
[Black "Madina, Martin"]
[Result "0-1"]
[WhiteElo "2390"]
[BlackElo "2260"]

1.d4 d5 2.c4 e6 3.Nc3 c6 4.e3 Nf6 5.Nf3 Nbd7 6.Qc2 Bd6 7.Bd3 O-O 8.O-O e5
9.cxd5 cxd5 10.e4 exd4 11.Nxd5 h6 12.Nxd4 Nxd5 13.exd5 Bxh2+ 14.Kxh2 Qh4+
15.Kg1 Qxd4 16.Rd1 Qf6 17.b3 Ne5 18.Bb2 Qg5 19.Bxe5 Qxe5 20.Qd2 Qd6 21.Qe2 Bd7
22.Qe4 g6 23.Qd4 a6 24.f3 Rac8 25.b4 Rfe8 26.Rac1 Ba4 27.Rxc8 Rxc8 28.Rb1 Rd8
29.b5 Qxd5 30.Qxd5 Rxd5 31.bxa6 bxa6 32.Bxa6 Rd8 33.Bc4 Kf8 34.Rb7 Bd7 35.Bb3 Be6
36.Bxe6 fxe6 37.a4 Rd2 38.Ra7 e5 39.a5 e4 40.fxe4 Re2 41.a6 Rxe4 42.Rb7  0-1

[Event "Buenos Aires Najdorf op"]
[Site "Buenos Aires"]
[Date "1993.??.??"]
[Round "9"]
[White "Paglilla, Carlos"]
[Black "Kanefsck, Gustavo"]
[Result "1/2-1/2"]
[WhiteElo "2325"]
[BlackElo "2370"]

1.c4 c6 2.d4 d5 3.Nf3 e6 4.e3 Nf6 5.Nc3 Nbd7 6.Bd3 dxc4 7.Bxc4 b5 8.Bb3 Bb7
9.O-O a6 10.a4 b4 11.Ne2 c5 12.Nf4 Bd6 13.Ng5 Bxf4 14.exf4 O-O 15.Be3 Qa5
16.Rc1 cxd4 17.Qxd4 h6 18.Nf3 Bxf3 19.gxf3 Qh5 20.Kg2 Qg6+ 21.Kh1 Qh5 22.Kg2 Qg6+
23.Kh1 Qh5  1/2-1/2

[Event "Cannes op"]
[Site "Cannes"]
[Date "1993.??.??"]
[Round "6"]
[White "Cruz Lopez Claret, Carlos"]
[Black "Payen, Arnaud"]
[Result "0-1"]
[WhiteElo "2265"]
[BlackElo "2340"]

1.d4 d5 2.c4 c6 3.Nc3 e6 4.e3 Nf6 5.Nf3 Nbd7 6.Bd3 dxc4 7.Bxc4 b5 8.Be2 a6
9.e4 b4 10.e5 bxc3 11.exf6 Nxf6 12.bxc3 Bd6 13.Nd2 O-O 14.Bf3 Rb8 15.Nc4 Nd5
16.Qc2 Be7 17.Ne5 Bb7 18.O-O c5 19.dxc5 Bxc5 20.Nd3 Bd6 21.Bd2 Qc7 22.h3 Rbc8
23.Rab1 Ba8 24.Rfc1 a5 25.c4 Nf4 26.Bxf4 Bxf4 27.Nxf4 Bxf3 28.Rb3 Bc6 29.Qd2 Qe5
30.Qe3 Qxe3 31.Rxe3 Rfd8 32.Ra3 a4 33.Nd3 f6 34.Rcc3 e5 35.Nb2 Ra8 36.c5 Rd4
37.Nc4 Rb8 38.Nb6 Rbd8 39.Kh2 Kf7 40.Kg3 Ke6 41.Nc4 h5 42.Nb6 h4+ 43.Kh2 Rd2
44.f3 R8d4  0-1

[Event "Capablanca mem-B"]
[Site "?"]
[Date "1993.??.??"]
[Round "11"]
[White "Hergott, Deen"]
[Black "Alvarez Ibarra, D Rafael"]
[Result "1/2-1/2"]
[WhiteElo "2450"]
[BlackElo "2420"]

1.d4 Nf6 2.Nf3 d5 3.c4 e6 4.Nc3 c6 5.e3 Nbd7 6.Qc2 Bd6 7.Be2 O-O 8.O-O Re8
9.Rd1 Qe7 10.b3 b6 11.e4 Nxe4 12.Nxe4 dxe4 13.Qxe4 Bb7 14.Bf4 Bxf4 15.Qxf4 c5
16.Qc7 Rab8 17.Rac1 Rec8 18.Qg3 Re8 19.Qc7 Nf8 20.Qg3 Rbc8  1/2-1/2

[Event "Capablanca mem-D"]
[Site "?"]
[Date "1993.??.??"]
[Round "6"]
[White "Rivera, Alberto"]
[Black "Sieiro Gonzalez, Luis"]
[Result "0-1"]
[WhiteElo "2395"]
[BlackElo "2395"]

1.d4 d5 2.Nf3 Nf6 3.c4 e6 4.Nc3 c6 5.e3 Nbd7 6.Qc2 Bd6 7.h3 O-O 8.Bd2 Re8
9.Rd1 Qe7 10.Be2 dxc4 11.Bxc4 e5 12.O-O h6 13.Nh4 Nb6 14.Bb3 Be6 15.Nf5 Qd7
16.Bxe6 Qxe6 17.e4 Rad8 18.Bc1 Bb4 19.dxe5 Bxc3 20.bxc3 Qxe5 21.f3 Nc4 22.Rd4 b5
23.Rfd1 Qc7 24.Bxh6 gxh6 25.Qc1 Rxd4 26.Rxd4 Qe5 27.Qxh6 Nh7 28.Qxc6 Nf6
29.Qb7 Qf4 30.h4 Ne5 31.Rd1 Kh7 32.Rf1 Rg8 33.Qxa7 Qd2 34.Qf2 Qxc3 35.Qe3 Qxe3+
36.Nxe3 Nh5 37.Kf2 Ra8 38.Ra1 Nd3+ 39.Ke2 Nb4  0-1

[Event "Cappelle op"]
[Site "Cappelle la Grande"]
[Date "1993.??.??"]
[Round "2"]
[White "Zvjaginsev, Vadim"]
[Black "Whiteley, Andrew J"]
[Result "1-0"]
[WhiteElo "2445"]
[BlackElo "2325"]

1.d4 d5 2.c4 c6 3.Nc3 Nf6 4.e3 e6 5.Nf3 Nbd7 6.Qc2 Bd6 7.Be2 O-O 8.O-O dxc4
9.Bxc4 e5 10.Bb3 exd4 11.exd4 Nb6 12.Bg5 Bg4 13.Ne5 Bh5 14.Ne4 Be7 15.Ng3 Qxd4
16.Rae1 Bb4 17.Bxf6 Bxe1 18.Nxh5 gxf6 19.Nxf6+ Kg7 20.Qf5 Bd2 21.Nh5+ Kh6
22.Qf6+  1-0

[Event "Cappelle op"]
[Site "Cappelle la Grande"]
[Date "1993.??.??"]
[Round "5"]
[White "Chekhova Kostina, Tatiana M"]
[Black "Zvjaginsev, Vadim"]
[Result "1/2-1/2"]
[WhiteElo "2265"]
[BlackElo "2445"]

1.Nf3 Nf6 2.c4 e6 3.Nc3 d5 4.d4 c6 5.e3 Nbd7 6.Bd3 dxc4 7.Bxc4 b5 8.Bd3 Bd6
9.O-O O-O 10.e4 e5 11.dxe5 Nxe5 12.Nxe5 Bxe5 13.h3 Re8 14.a4 b4 15.Ne2 Bb7
16.Qc2 c5 17.f3 Nh5 18.Bc4 Qf6 19.Be3 Rad8 20.Rad1 Bd4 21.Bxd4 cxd4 22.Rd3 Bc8
23.Qd2 Qg6 24.g4 Nf6 25.Rxd4 Rxd4 26.Qxd4 h5 27.Kg2 hxg4 28.hxg4 Bxg4 29.fxg4 Rxe4
30.Qd8+ Re8 31.Qxe8+ Nxe8 32.Bxf7+ Qxf7 33.Rxf7 Kxf7 34.Nd4 Nd6 35.b3 Ne4
36.Nc6 Nc5 37.Nxa7 Nxb3  1/2-1/2

[Event "Cappelle op"]
[Site "Cappelle la Grande"]
[Date "1993.??.??"]
[Round "8"]
[White "Kempinski, Robert"]
[Black "Cosma, Elena Luminita"]
[Result "1/2-1/2"]
[WhiteElo "2340"]
[BlackElo "2230"]

1.Nf3 d5 2.c4 e6 3.d4 c6 4.Nc3 Nf6 5.e3 Nbd7 6.Qc2 Bd6 7.b3 O-O 8.Bd3 e5
9.dxe5 Nxe5 10.Nxe5 Bxe5 11.Bb2 Be6 12.Rd1 Rc8 13.h3 Qa5 14.O-O dxc4 15.Bxc4 Bxc4
16.bxc4 Rfe8 17.Qb3 Bb8 18.Ne2 Qc7 19.g3 Ne4 20.Rd4 Rcd8 21.Rfd1 Rxd4 22.Rxd4 Qe7
23.Kg2 Nc5 24.Qc2 Be5 25.Rh4 g6 26.Bxe5 Qxe5 27.Rd4 Qe7 28.Nf4 Rd8 29.Qd2 Rxd4
30.exd4 Ne6 31.d5 Nxf4+ 32.Qxf4 cxd5 33.cxd5 Qd7 34.d6 f5 35.Qc4+ Kf8 36.Qc7 Ke8
37.Qb8+ Kf7 38.Qxa7 Qc6+ 39.Kh2 Ke6 40.Qb8 Qf3 41.Kg1 Qd1+ 42.Kh2 Qf3 43.Kg1 Qd1+
44.Kg2 Qd5+ 45.Kg1 Qd1+ 46.Kh2 Qf3  1/2-1/2

[Event "Cappelle op"]
[Site "Cappelle la Grande"]
[Date "1993.??.??"]
[Round "9"]
[White "Shneider, Aleksandr"]
[Black "Zvjaginsev, Vadim"]
[Result "1/2-1/2"]
[WhiteElo "2540"]
[BlackElo "2445"]

1.d4 d5 2.Nf3 Nf6 3.c4 e6 4.Nc3 c6 5.e3 Nbd7 6.Qc2 Bd6 7.Be2 O-O 8.O-O Re8
9.Rd1 Qc7 10.b3 b6 11.e4 Nxe4 12.Nxe4 dxe4 13.Qxe4 Bb7 14.Bb2 Nf8 15.Qe3 Rad8
16.Rd2 c5 17.Rad1 f6 18.dxc5 Bxc5 19.Bd4 Bb4 20.Bc3 Bc5 21.Bd4 Bb4  1/2-1/2

[Event "Cattolica"]
[Site "Cattolica"]
[Date "1993.??.??"]
[Round "4"]
[White "Ortega, Lexy"]
[Black "Komarov, Dimitri"]
[Result "1/2-1/2"]
[WhiteElo "2450"]
[BlackElo "2525"]

1.d4 d5 2.c4 c6 3.e3 Nf6 4.Nc3 e6 5.Nf3 Nbd7 6.Qc2 Bd6 7.Bd2 O-O 8.O-O-O c5
9.cxd5 exd5 10.Ng5 g6 11.h4 cxd4 12.exd4 Ng4 13.Nh3 Nb6 14.Bd3 Nc4 15.Bg5 Qa5
16.h5 Bf5 17.Bxf5 gxf5 18.Qxf5 Ba3 19.Nxd5 Bxb2+ 20.Kb1 Ba3 21.Rd3 f6 22.Nxf6+ Nxf6
23.Qxa5 Nxa5 24.Rxa3 Nc4 25.Rc3 b5 26.Bxf6 Rxf6 27.Re1 Rc8 28.Re7 Rfc6 29.Rg3+ Kf8
30.Rxh7 Nd2+ 31.Kb2 Rc2+ 32.Ka3 R2c4 33.Rh8+ Ke7 34.Rg7+ Kf6 35.Rg6+ Ke7
36.Rh7+ Kf8 37.Rh8+ Ke7 38.Rg7+ Kf6 39.Rg6+ Ke7 40.Rh7+ Kf8  1/2-1/2